| 000 | 00749nam a22001937a 4500 | ||
|---|---|---|---|
| 008 | 160123b xxu||||| |||| 00| 0 eng d | ||
| 020 | _a978-007-125910-1 | ||
| 082 |
_22007 _aDC 150.287 _bC66 |
||
| 100 |
_94558 _aCohen, Ronald Jay. |
||
| 245 |
_aPsychological testing and assessment : _ban introduction to tests and measurement/ _cRonald Jay Cohen; Mark E. Swerdlik. |
||
| 250 | _aSixth edition | ||
| 260 |
_aBoston : _bMcGraw-Hill Higher Education, _cc2007. |
||
| 300 |
_axxii, (various pagings): _billustrations; _c25 cm. |
||
| 500 | _aIncludes bibliographical references and index. | ||
| 650 | 0 |
_92077 _aPsychological tests _vTextbooks. |
|
| 650 | 0 |
_92078 _aPsychometrics _vTextbooks. |
|
| 700 |
_94556 _aSwerdlik, Mark E. |
||
| 942 |
_2ddc _cDC |
||
| 999 |
_c1489 _d1489 |
||